SPP sa pripravuje na konkurentov
Hlavný cieľ prebiehajúcej reštrukturalizácie Slovenského plynárenského priemyslu (SPP), a.s. Bratislava je vyššia transparentnosť a efektívnosť spoločnosti - snaha čeliť konkurencii na liberalizujúcom sa plynárenskom trhu Slovenska. Konkurenciu SPP očakáva hlavne z Východu, ale aj zo Západu. SPP zat...
Enregistré dans:
| Auteur principal: | |
|---|---|
| Format: | Chapitre de livre |
| Langue: | slovaque |
| Sujets: | |
| Tags: |
Pas de tags, Soyez le premier à ajouter un tag!
|
MARC
| LEADER | 00000naa a2200000 4500 | ||
|---|---|---|---|
| 001 | r046923 | ||
| 005 | 20230921113631.9 | ||
| 041 | 0 | |a slo | |
| 044 | |a SK | ||
| 245 | 1 | 0 | |a SPP sa pripravuje na konkurentov |c Karel Hirman |
| 520 | |a Hlavný cieľ prebiehajúcej reštrukturalizácie Slovenského plynárenského priemyslu (SPP), a.s. Bratislava je vyššia transparentnosť a efektívnosť spoločnosti - snaha čeliť konkurencii na liberalizujúcom sa plynárenskom trhu Slovenska. Konkurenciu SPP očakáva hlavne z Východu, ale aj zo Západu. SPP zatiaľ neráta s prienikom na zahraničné trhy. | ||
| 610 | 2 | 0 | |a priemysel plynárenský |
| 610 | 2 | 0 | |a reštrukturalizácia |
| 610 | 2 | 0 | |a efektívnosť |
| 610 | 2 | 0 | |a konkurencieschopnosť |
| 610 | 2 | 0 | |a konkurencia |
| 610 | 2 | 0 | |a stratégia podniková |
| 610 | 2 | 0 | |a Východ |
| 610 | 2 | 0 | |a Západ |
| 610 | 2 | 0 | |a Slovenský plynárenský priemysel, a.s. Bratislava |
| 100 | 1 | |a Hirman, Karel | |